000 00189 a2200097 4500
020 _a9780307376442
041 _aspa
100 _aMichael Crichton
245 _aEstado de miedo
942 _cBK
999 _c14383
_d14383